[Event "Titled Tuesday intern op 09th Aug Late"]
[Site "Chess.com INT"]
[Date "2022.08.09"]
[Round "3"]
[White "Levin, Anthony"]
[Black "Ladan, Nicholas John"]
[Result "0-1"]
[WhiteElo "1940"]
[BlackElo "2149"]
[PlyCount "24"]
[EventDate "2022.08.09"]
[EventType "swiss (blitz)"]
[EventRounds "11"]
[EventCountry "USA"]
[SourceTitle "EXT 2023"]
[Source "ChessBase"]
[SourceDate "2022.10.05"]
[SourceVersion "1"]
[SourceVersionDate "2022.10.05"]
[SourceQuality "1"]

1. d4 d5 2. c4 e6 3. Nf3 Nf6 4. g3 dxc4 5. Bg2 Nc6 6. 0-0 Rb8 7. Qc2 b5 8. Rd1 Bb7 9. e4 Nb4 10. Qe2 Bxe4 11. Qxe4 Nxe4 12. Rd3 Nxd3 0-1

[Event "Titled Tuesday intern op 12th Apr Late"]
[Site "Chess.com INT"]
[Date "2022.04.12"]
[Round "1"]
[White "Bilan, Danila"]
[Black "Levin, Anthony"]
[Result "1-0"]
[WhiteElo "2303"]
[BlackElo "1996"]
[PlyCount "107"]
[EventDate "2022.04.12"]
[EventType "swiss (blitz)"]
[EventRounds "11"]
[EventCountry "USA"]
[SourceTitle "CBM 207 Extra"]
[Source "ChessBase"]
[SourceDate "2022.05.31"]
[SourceVersion "1"]
[SourceVersionDate "2022.05.31"]
[SourceQuality "1"]

1. d4 Nf6 2. Nf3 g6 3. Bg5 Bg7 4. c3 0-0 5. Nbd2 d5 6. e3 Nbd7 7. Bd3 b6 8. e4 dxe4 9. Nxe4 Bb7 10. Qc2 c5 11. 0-0 cxd4 12. Nxd4 Nxe4 13. Bxe4 Bxe4 14. Qxe4 Nf6 15. Qh4 Qd5 16. Rfe1 Rfe8 17. a4 a6 18. Re2 Qd6 19. Rae1 e5 20. Nf3 Nd5 21. g3 f6 22. Bh6 Rac8 23. Rd1 Qc6 24. Red2 Ne7 25. Bxg7 Nf5 26. Qxf6 Nxg7 27. Qxc6 Rxc6 28. Rd6 Rxd6 29. Rxd6 e4 30. Nd4 b5 31. Rxa6 b4 32. cxb4 e3 33. fxe3 Rxe3 34. Rc6 Rd3 35. Ne6 Nf5 36. Nf4 Rd1+ 37. Kg2 Rd2+ 38. Kf1 Rxb2 39. b5 Ne3+ 40. Ke1 Ra2 41. Ra6 Rxh2 42. b6 Rb2 43. a5 Nc2+ 44. Kd1 Ne3+ 45. Kc1 Rc2+ 46. Kb1 Rc8 47. b7 Rb8 48. Ra8 Kf7 49. Rxb8 Kf6 50. Rf8+ Ke5 51. b8Q+ Kd4 52. Qb6+ Ke4 53. Re8+ Kf3 54. Qxe3+ 1-0

[Event "Titled Tuesday intern op 12th Apr Late"]
[Site "Chess.com INT"]
[Date "2022.04.12"]
[Round "4"]
[White "Levin, Anthony"]
[Black "Bernat, David"]
[Result "0-1"]
[WhiteElo "1996"]
[BlackElo "1862"]
[PlyCount "106"]
[EventDate "2022.04.12"]
[EventType "swiss (blitz)"]
[EventRounds "11"]
[EventCountry "USA"]
[SourceTitle "CBM 207 Extra"]
[Source "ChessBase"]
[SourceDate "2022.05.31"]
[SourceVersion "1"]
[SourceVersionDate "2022.05.31"]
[SourceQuality "1"]

1. d4 Nf6 2. c4 e6 3. g3 c5 4. d5 b5 5. cxb5 exd5 6. Bg2 Bb7 7. Nc3 Be7 8. Nxd5 Nxd5 9. Bxd5 Qb6 10. a4 a6 11. bxa6 Nxa6 12. Nf3 Nb4 13. Bxb7 Qxb7 14. 0-0 0-0 15. Bd2 Bf6 16. Bc3 Nd5 17. Bxf6 Nxf6 18. Qc2 Rfc8 19. Ra3 Rab8 20. b3 Qb4 21. Rfa1 d5 22. a5 Ne4 23. a6 Qb6 24. a7 Ra8 25. Ra6 Qb5 26. Qd3 Qb4 27. Qxd5 Nc3 28. Qd3 Qxb3 29. R6a3 c4 30. Qxc3 Qb5 31. Ra5 Qb6 32. Ne5 h6 33. Nd7 Qc7 34. Qd4 Rd8 35. Rd5 Re8 36. Nb6 c3 37. Nxa8 Rxa8 38. Rc5 Qe7 39. Qxc3 Kh7 40. Rc8 Rxa7 41. Rc7 Rxc7 42. Qd3+ g6 43. Rd1 Rc6 44. h4 Re6 45. e3 Qf6 46. Qd4 Qf5 47. Qd3 Qg4 48. Qd4 Qf3 49. Qf4 Qxd1+ 50. Kg2 Qd5+ 51. Kh2 Qf5 52. Qc4 Qxf2+ 53. Kh3 Rf6 0-1

[Event "Titled Tuesday intern op 12th Apr Late"]
[Site "Chess.com INT"]
[Date "2022.04.12"]
[Round "7"]
[White "Levin, Anthony"]
[Black "Melikhov, Evgeny V"]
[Result "0-1"]
[WhiteElo "1996"]
[BlackElo "2292"]
[PlyCount "86"]
[EventDate "2022.04.12"]
[EventType "swiss (blitz)"]
[EventRounds "11"]
[EventCountry "USA"]
[SourceTitle "CBM 207 Extra"]
[Source "ChessBase"]
[SourceDate "2022.05.31"]
[SourceVersion "1"]
[SourceVersionDate "2022.05.31"]
[SourceQuality "1"]

1. d4 Nf6 2. c4 e6 3. g3 d5 4. Bg2 dxc4 5. Nf3 Nc6 6. Qa4 Bb4+ 7. Bd2 Bd6 8. Qxc4 0-0 9. Nc3 e5 10. d5 Ne7 11. 0-0 a6 12. a4 Ng6 13. Rfd1 h6 14. h3 Nh7 15. e4 f5 16. exf5 Bxf5 17. Re1 Bxh3 18. Bxh3 Rxf3 19. Be6+ Kh8 20. Qg4 Rf6 21. Ne4 Qe7 22. Nxf6 Qxf6 23. Be3 Rf8 24. Kg2 Ne7 25. Rh1 Nf5 26. Bxf5 Qxf5 27. Qxf5 Rxf5 28. Rab1 e4 29. Rhd1 Nf6 30. Rd4 Rxd5 31. Rxd5 Nxd5 32. Rd1 Nxe3+ 33. fxe3 Kg8 34. b3 Kf7 35. Rd4 Kf6 36. Rxe4 b5 37. Kf3 Be5 38. g4 Ke6 39. Ke2 Kd5 40. Kf3 c5 41. axb5 axb5 42. g5 h5 43. Rg4 hxg4+ 0-1

[Event "Titled Tuesday intern op 12th Apr Late"]
[Site "Chess.com INT"]
[Date "2022.04.12"]
[Round "9"]
[White "Novikova, Galina"]
[Black "Levin, Anthony"]
[Result "0-1"]
[WhiteElo "2073"]
[BlackElo "1996"]
[PlyCount "52"]
[EventDate "2022.04.12"]
[EventType "swiss (blitz)"]
[EventRounds "11"]
[EventCountry "USA"]
[SourceTitle "CBM 207 Extra"]
[Source "ChessBase"]
[SourceDate "2022.05.31"]
[SourceVersion "1"]
[SourceVersionDate "2022.05.31"]
[SourceQuality "1"]

1. e4 c5 2. Nf3 d6 3. d4 cxd4 4. Nxd4 Nf6 5. Nc3 a6 6. h3 e5 7. Nde2 h5 8. g3 Be6 9. Bg2 Nbd7 10. 0-0 Be7 11. Bg5 Rc8 12. Kh1 Qc7 13. Rc1 b5 14. b3 0-0 15. Bxf6 Nxf6 16. f4 exf4 17. Nxf4 Qxc3 18. Nxh5 Nxh5 19. Qxh5 Qxg3 20. Rf3 Qg5 21. Qxg5 Bxg5 22. Rg1 Rxc2 23. Bf1 Be7 24. Rfg3 Bf6 25. Rf3 Be5 26. a4 Rh2# 0-1

[Event "Titled Tuesday intern op 05th Apr Late"]
[Site "Chess.com INT"]
[Date "2022.04.05"]
[Round "10"]
[White "Clawitter, Craig"]
[Black "Levin, Anthony"]
[Result "0-1"]
[WhiteElo "2050"]
[BlackElo "1996"]
[PlyCount "70"]
[EventDate "2022.04.05"]
[EventType "swiss (blitz)"]
[EventRounds "11"]
[EventCountry "USA"]
[SourceTitle "CBM 207 Extra"]
[Source "ChessBase"]
[SourceDate "2022.05.31"]
[SourceVersion "1"]
[SourceVersionDate "2022.05.31"]
[SourceQuality "1"]

1. e4 c5 2. Nf3 d6 3. d4 cxd4 4. Nxd4 Nf6 5. Nc3 a6 6. Be3 e5 7. Nb3 Be6 8. f3 h5 9. Nd5 Nxd5 10. exd5 Bf5 11. Be2 Nd7 12. 0-0 Be7 13. Rc1 Bg5 14. Qd2 Bxe3+ 15. Qxe3 0-0 16. f4 exf4 17. Qxf4 Qb6+ 18. Kh1 Bg6 19. c4 a5 20. Qh4 a4 21. Nd4 Qxb2 22. Rcd1 Qxa2 23. Bxh5 Bxh5 24. Qxh5 Qxc4 25. Qg5 Ne5 26. Nf5 Ng6 27. Rf3 Qe2 28. Rdf1 a3 29. h4 a2 30. h5 a1Q 31. hxg6 Qf6 32. Qh5 Qxg6 33. Qxg6 fxg6 34. Ne7+ Qxe7 35. Rxf8+ Rxf8 0-1

[Event "Titled Tuesday intern op 05th Apr Late"]
[Site "Chess.com INT"]
[Date "2022.04.05"]
[Round "5"]
[White "Levin, Anthony"]
[Black "Estrada Nieto, Julian"]
[Result "0-1"]
[WhiteElo "1996"]
[BlackElo "2267"]
[PlyCount "74"]
[EventDate "2022.04.05"]
[EventType "swiss (blitz)"]
[EventRounds "11"]
[EventCountry "USA"]
[SourceTitle "CBM 207 Extra"]
[Source "ChessBase"]
[SourceDate "2022.05.31"]
[SourceVersion "1"]
[SourceVersionDate "2022.05.31"]
[SourceQuality "1"]

1. d4 Nf6 2. c4 e6 3. g3 c5 4. d5 exd5 5. cxd5 d6 6. Nc3 g6 7. Bg2 Bg7 8. Nf3 0-0 9. 0-0 a6 10. a4 Bf5 11. Nh4 Bc8 12. Nf3 Re8 13. Bf4 Nh5 14. Bg5 Qb6 15. Qd2 Bg4 16. Rfe1 Nd7 17. a5 Qb4 18. Qc2 c4 19. Ra4 Qb3 20. Qxb3 cxb3 21. Rb4 Nc5 22. Be3 Rxe3 23. fxe3 Re8 24. Nd4 Rxe3 25. Nxb3 Rxc3 26. Nxc5 Rxc5 27. Rxb7 Be5 28. b4 Rc2 29. Kf1 Bc3 30. Be4 Rb2 31. Rc1 Bxe2+ 32. Kg1 Bd4+ 33. Kh1 Nf6 34. Bg2 Ng4 35. h3 Ne3 36. Be4 Nf5 37. Bxf5 Bf3# 0-1

[Event "Titled Tuesday intern op 08th Mar Late"]
[Site "Chess.com INT"]
[Date "2022.03.08"]
[Round "1"]
[White "Levin, Anthony"]
[Black "Zhurbinsky, David J"]
[Result "0-1"]
[WhiteElo "1982"]
[BlackElo "1996"]
[PlyCount "62"]
[EventDate "2022.03.08"]
[EventType "swiss (blitz)"]
[EventRounds "11"]
[EventCountry "USA"]
[SourceTitle "CBM 207 Extra"]
[Source "ChessBase"]
[SourceDate "2022.05.31"]
[SourceVersion "1"]
[SourceVersionDate "2022.05.31"]
[SourceQuality "1"]

1. e4 e5 2. Nf3 Nc6 3. Bb5 a6 4. Ba4 Nf6 5. 0-0 Be7 6. Re1 b5 7. Bb3 0-0 8. h3 Bb7 9. a4 d6 10. c3 h6 11. d4 Re8 12. Nbd2 Bf8 13. d5 Ne7 14. Nf1 g6 15. Ng3 Bg7 16. Qe2 c6 17. dxc6 Bxc6 18. Rd1 Qc7 19. Bc2 Rad8 20. Be3 d5 21. exd5 Nexd5 22. axb5 axb5 23. Bc5 e4 24. Nd4 e3 25. Nf1 Nf4 26. Qe1 e2 27. Nxe2 Nxe2+ 28. Qxe2 Rxe2 29. Ng3 Rxc2 30. Rd7 Qxd7 31. Ra7 Qd1+ 0-1

[Event "Titled Tuesday intern op 14th Dec"]
[Site "Chess.com INT"]
[Date "2021.12.14"]
[Round "1"]
[White "Levin, Anthony"]
[Black "Maltsevskaya, Aleksandra"]
[Result "0-1"]
[WhiteElo "1996"]
[BlackElo "2400"]
[PlyCount "50"]
[EventDate "2021.12.14"]
[EventType "swiss (blitz)"]
[EventRounds "11"]
[EventCountry "USA"]
[SourceTitle "EXT 2023"]
[Source "ChessBase"]
[SourceDate "2022.10.05"]
[SourceVersion "1"]
[SourceVersionDate "2022.10.05"]
[SourceQuality "1"]

1. d4 Nf6 2. c4 c5 3. d5 b5 4. cxb5 a6 5. e3 axb5 6. Bxb5 g6 7. Nc3 Bg7 8. Nf3 0-0 9. 0-0 d6 10. a4 Na6 11. Ra3 Nc7 12. Bc6 Ba6 13. Bxa8 Qxa8 14. e4 Bxf1 15. Qxf1 Rb8 16. b3 Rb4 17. Nd2 Ng4 18. Nb5 Nxb5 19. axb5 Qb7 20. Nc4 h5 21. b6 Ne5 22. Ra7 Qb8 23. Rxe7 Rxb3 24. Nxe5 Bxe5 25. b7 Kf8 0-1